“古镇”地点数量≥300的地级行政区 Prefectures with ≥300 old town sites - Statistics

General Stats
  • This quiz has been taken 68 times
  • The average score is 12 of 27
Answer Stats
地级行政区 数量 % Correct
苏州 1772
97%
无锡 644
92%
杭州 408
92%
嘉兴 550
87%
上海 1116
83%
湖州 864
83%
绍兴 388
79%
成都 2115
78%
重庆 2302
73%
丽江 1139
62%
昆明 872
60%
大理 820
56%
贵阳 496
43%
合肥 350
41%
遵义 348
24%
景德镇 388
21%
青岛 533
19%
桂林 431
19%
黔东南 392
14%
保山 887
13%
柳州 434
13%
黔南 381
13%
楚雄 813
11%
临沧 300
11%
中山 4222
5%
贺州 515
3%
雅安 373
2%
No matching quizzes found
Score Distribution
Percent of People with Each Score
Percentile by Number Answered
Your Score History
You have not taken this quiz